书目信息 |
| 题名: |
英语语法手册
|
|
| 作者: | 薄冰 编 | |
| 分册: | ||
| 出版信息: | 北京 商务印书馆 1978 |
|
| 页数: | 421页 | |
| 开本: | 19cm | |
| 丛书名: | ||
| 单 册: | ||
| 中图分类: | H31-62 | |
| 科图分类: | ||
| 主题词: | 英语--手册 | |
| 电子资源: | ||
| ISBN: | ||
| 000 | 00586nam0 2200229 45 | |
| 001 | 0178004684 | |
| 005 | 20050420141629.7 | |
| 010 | @dCNY1.25 | |
| 091 | @a9017.448 | |
| 100 | @a19950718d1978 em y0chiy0121 ea | |
| 101 | 0 | @achi@aeng |
| 102 | @aCN@b110000 | |
| 105 | @ay z 000yy | |
| 200 | 10 | @a英语语法手册@Aying yu yu fa shou ce@f薄冰等编@FBo Bing Deng Bian |
| 205 | @a2版@b修订本 | |
| 210 | @a北京@c商务印书馆@d1978 | |
| 215 | @a421页@d19cm | |
| 606 | 0 | @a英语@x手册 |
| 690 | @aH31-62@v3 | |
| 701 | 0 | @a薄冰@4编 |
| 801 | 0 | @aCN@bNLC@c20040218 |
| 905 | @dH31-62@e1@f1@b47936 | |
| 英语语法手册/薄冰等编.-2版,修订本.-北京:商务印书馆,1978 |
| 421页;19cm |
| ISBN :CNY1.25 |
| ● |
| 相关链接 |
|
|
|
|
正题名:英语语法手册
索取号:H31-62/1
 
预约/预借
| 序号 | 登录号 | 条形码 | 馆藏地/架位号 | 状态 | 备注 |
| 1 | 0047936 | 002030000 | 第四借阅区/ [索取号:H31-62/1] | 在馆 |